Engineering services in buildings: 1 A guide to tendering and contract procedure based on Bills of Quantity (Record no. 88134)

MARC details
000 -LEADER
fixed length control field 00703cam a2200229 4500
001 - CONTROL NUMBER
control field D15357
008 - FIXED-LENGTH DATA ELEMENTS--GENERAL INFORMATION
fixed length control field 090401t1970 xxu||||| |||| 00| 0 eng d
035 ## - SYSTEM CONTROL NUMBER
System control number (Sirsi) u22149
041 ## - LANGUAGE CODE
Language code of text/sound track or separate title eng
050 ## - LIBRARY OF CONGRESS CALL NUMBER
Classification number RICS 1970/2ACD
110 ## - MAIN ENTRY--CORPORATE NAME
Corporate name or jurisdiction name as entry element Royal Institution of Chartered Surveyors
9 (RLIN) 4900
245 ## - TITLE STATEMENT
Title Engineering services in buildings: 1 A guide to tendering and contract procedure based on Bills of Quantity
260 ## - PUBLICATION, DISTRIBUTION, ETC.
Name of publisher, distributor, etc. RICS
Date of publication, distribution, etc. 1970
300 ## - PHYSICAL DESCRIPTION
Extent 24p
350 ## - PRICE (NR) (BK AM CF MU VM SE) [OBSOLETE]
Price 1.5
520 ## - SUMMARY, ETC.
Summary, etc. Filed in box 1970/2 ACD
650 ## - SUBJECT ADDED ENTRY--TOPICAL TERM
Topical term or geographic name entry element ENGINEERING SERVICES
650 ## - SUBJECT ADDED ENTRY--TOPICAL TERM
Topical term or geographic name entry element MECHANICAL AND ELECTRICAL SERVICES
710 ## - ADDED ENTRY--CORPORATE NAME
Corporate name or jurisdiction name as entry element Engineering Services Technical Working Party
9 (RLIN) 1007
942 ## - ADDED ENTRY ELEMENTS (KOHA)
Suppress in OPAC 0
948 ## - LOCAL PROCESSING INFORMATION (OCLC); SERIES PART DESIGNATOR (RLIN)
c (OCLC) 04/03/1997
Holdings
Withdrawn status Lost status Source of classification or shelving scheme Damaged status Not for loan Home library Current library Shelving location Date acquired Cost, normal purchase price Total Checkouts Full call number Barcode Date last seen Copy number Cost, replacement price Price effective from Koha item type Date last checked out
    Other/Generic Classification Scheme     London London RICS Boxes 16/08/1991 1.50   RICS 1970/2 30005806 06/08/2019 1 1.50 06/08/2019 Book  
    Other/Generic Classification Scheme     London London RICS Boxes 16/08/1991 1.50 3 RICS 1970/2 30005814 06/08/2019 2 1.50 06/08/2019 Book 18/12/2005
    Other/Generic Classification Scheme     London London RICS Boxes 21/08/1991 1.50   RICS 1970/2 30030202 06/08/2019 3 1.50 06/08/2019 Reference material